000 00672cam a2200253 4500500
005 20260329003326.0
041 _afre
042 _adc
100 1 0 _aLequin, Mathilde
_eauthor
245 0 0 _aSept conceptions du genre
260 _c2015.
500 _a68
690 _aBeauvoir
690 _aFausto-Sterling
690 _aFemme
690 _aGenre
690 _aHaraway
690 _aIrigaray
690 _aSexe
690 _aStoller
690 _aWittig
786 0 _nPhilosophie magazine | 90 | 6 | 2015-06-01 | p. 41-41 | 1951-1787
856 4 1 _uhttps://shs.cairn.info/magazine-philosophie-magazine-2015-6-page-41?lang=fr&redirect-ssocas=7080
999 _c1823554
_d1823554